000 00668nam a2200229Ia 4500
003 BUBTL
008 151213s9999 xx 000 0 und d
020 _a0-07-069170-3
082 _a658
_bWEM
100 _aHeinz Weihrich & Harold Koontz
245 _aManagement
_bA global perspective
_cHeinz Weihrich & Harold Koontz
250 _a10th
260 _bMcGraw hill
_aNew York
_c1993
300 _a[xxxii] , 744p . :
_bill , 24cm ,
_cManagement .
500 _aIncludes Index .
650 _aManagement
650 _aManagement
700 _aHeinz Weihrich & Harold Koontz
856 _k0
_l0
_yDownload
942 _2ddc
_cBK
999 _c1018
_d1018